000 01179naa a22003017a 4500
001 BR7310875
003 BR-BrBNA
005 20240918173528.0
007 ta
008 230509b bl.||||| |||| 00| 0 por d
040 _aBR-BrBNA
_bpor
_cBiblioteca Nacional de Agricultura
041 _a(Pt)
072 _aF00; F50; F30
_b0430
_bG514
090 _aF00 BR7310875
100 1 _aSilva, F.P. da
100 1 _aMoreira, J.A.N.
245 1 _aObservacoes sobre a citologia e genetica de um macho-esteril no algodao "Moco" Gossypium hirsutum marie galante Hutch [Ceara, Brasil]
260 3 _aFortaleza, CE (Brasil):
_c1973.
500 _aEstudos basicos, melhoramento genetico e experimentacao com o algodoeiro moco. Relatorio tecnico 1972 Fortaleza, CE (Brasil): 1973. p. 9-15 (BR7310875-AM)F00
650 _aALGODAO MOCO
650 _aESTERILIDADE
650 _aCITOLOGIA VEGETAL
650 _aGENETICA VEGETAL
650 _aCEARA
773 0 _tEstudos basicos, melhoramento genetico e experimentacao com o algodoeiro moco. Relatorio tecnico 1972
_wF00 BR7310875
_gFortaleza, CE (Brasil), 1973. p. 9-15
909 _a202404
_bLucia
_c55
_dLucia Elande
942 _cAM
_2AGRIS
999 _c305190
_d305190